| 000 | 01157cam a2200349 i 4500 | ||
|---|---|---|---|
| 001 | 4191077 | ||
| 003 | NUST - PNEC | ||
| 005 | 20170116180846.0 | ||
| 008 | 800506s1980 nyu 001 0 eng | ||
| 010 | _a 80040373 | ||
| 015 | _aGB80 | ||
| 020 | _a0070843538 | ||
| 020 | _a0070990301 | ||
| 020 | _a007099062X | ||
| 040 |
_aDLC _cLIBRARY _dDLC |
||
| 050 | 0 | 0 |
_aQD257 _b.M44 1980 |
| 082 | 0 | 0 | _a547 MEI |
| 100 | 1 | _aMeislich, Herbert. | |
| 245 | 1 | 0 |
_aSchaum's outline of theory and problems of organic chemistry / _cby Herbert Meislich, Howard Nechamkin, and Jacob Sharefkin. |
| 250 |
_aSI (metric) ed. / _badapted for SI units by William Kemp. |
||
| 260 |
_aNew York ; _aLondon : _bMcGraw-Hill Book Co., _cc1980. |
||
| 300 |
_a480 p. ; _c28 cm. |
||
| 490 | 0 | _aSchaum's outline series | |
| 500 | _aIncludes index. | ||
| 650 | 0 |
_aChemistry, Organic _xProblems, exercises, etc. |
|
| 650 | 0 |
_aChemistry, Organic. _xME |
|
| 700 | 1 |
_aNechamkin, Howard, _d1918- _ejoint author. |
|
| 700 | 1 |
_aSharefkin, Jacob, _d1909- _ejoint author. |
|
| 700 | 1 |
_aKemp, William, _d1932- |
|
| 906 |
_a7 _bcbc _corignew _d1 _eocip _f19 _gy-gencatlg |
||
| 942 |
_2ddc _cBK |
||
| 999 |
_c64474 _d64474 |
||